000
00254nam a22000977a 4500
999
_c
11720
_d
11720
008
200110b ||||| |||| 00| 0 eng d
020
_a
9780590410564
100
_a
Schmidt Karen
_9
7410
245
_a
The Ginger Bread Man
260
_a
New York
_b
Scholastic
_c
1985